The dictionary of environmental microbiology / (Record no. 330257)

000 -LEADER
fixed length control field 01388cam a22003134a 4500
001 - CONTROL NUMBER
control field 13090067
003 - CONTROL NUMBER IDENTIFIER
control field NUST
005 - DATE AND TIME OF LATEST TRANSACTION
control field 20170615121747.0
008 - FIXED-LENGTH DATA ELEMENTS--GENERAL INFORMATION
fixed length control field 030212s2003 caua d 000 0 eng
010 ## - LIBRARY OF CONGRESS CONTROL NUMBER
LC control number 2003102215
020 ## - INTERNATIONAL STANDARD BOOK NUMBER
International Standard Book Number 0126680000
035 ## - SYSTEM CONTROL NUMBER
System control number (DLC) 2003102215
040 ## - CATALOGING SOURCE
Original cataloging agency DLC
Transcribing agency DLC
Modifying agency DLC
042 ## - AUTHENTICATION CODE
Authentication code pcc
050 00 - LIBRARY OF CONGRESS CALL NUMBER
Classification number QR100
Item number .S74 2003
082 00 - DEWEY DECIMAL CLASSIFICATION NUMBER
Classification number 579.17 STE
Edition number 22
100 1# - MAIN ENTRY--PERSONAL NAME
Personal name Stetzenbach, Linda D.
9 (RLIN) 2714
245 14 - TITLE STATEMENT
Title The dictionary of environmental microbiology /
Statement of responsibility, etc. Linda D. Stetzenbach, Marylynn V. Yates.
250 ## - EDITION STATEMENT
Edition statement 1st ed.
260 ## - PUBLICATION, DISTRIBUTION, ETC.
Place of publication, distribution, etc. San Diego, Calif. :
Name of publisher, distributor, etc. Academic Press,
Date of publication, distribution, etc. c2003.
300 ## - PHYSICAL DESCRIPTION
Extent 178 p. :
Other physical details ill. ;
Dimensions 24 cm.
500 ## - GENERAL NOTE
General note H.B
650 #0 - SUBJECT ADDED ENTRY--TOPICAL TERM
Topical term or geographic name entry element Microbial ecology
Form subdivision Dictionaries.
9 (RLIN) 2715
700 1# - ADDED ENTRY--PERSONAL NAME
Personal name Yates, M. V.
Fuller form of name (Marylynn V.)
9 (RLIN) 2716
856 42 - ELECTRONIC LOCATION AND ACCESS
Materials specified Publisher description
Uniform Resource Identifier <a href="http://www.loc.gov/catdir/description/els031/2003102215.html">http://www.loc.gov/catdir/description/els031/2003102215.html</a>
856 41 - ELECTRONIC LOCATION AND ACCESS
Materials specified Table of contents
Uniform Resource Identifier <a href="http://www.loc.gov/catdir/toc/els031/2003102215.html">http://www.loc.gov/catdir/toc/els031/2003102215.html</a>
856 42 - ELECTRONIC LOCATION AND ACCESS
Materials specified Book review (E-STREAMS)
Uniform Resource Identifier <a href="http://www.e-streams.com/es0611/es0611_2867.html">http://www.e-streams.com/es0611/es0611_2867.html</a>
906 ## - LOCAL DATA ELEMENT F, LDF (RLIN)
a 7
b cbc
c orignew
d 2
e epcn
f 20
g y-gencatlg
942 ## - ADDED ENTRY ELEMENTS (KOHA)
Source of classification or shelving scheme
Koha item type Book
Call number prefix IESE
Holdings
Withdrawn status Lost status Source of classification or shelving scheme Damaged status Not for loan Collection code Permanent Location Current Location Shelving location Date acquired Total Checkouts Full call number Barcode Date last seen Price effective from Koha item type
            Central Library (CL) Central Library (CL) General Stacks 06/15/2017   579.17 STE IESE-1045 06/15/2017 06/15/2017 Book
© 2023 Central Library, National University of Sciences and Technology. All Rights Reserved.